01657nam a22002417a 4500003001700000005001700017008004100034020001800075040000700093041001200100082001700112100002500129245003300154260002700187300003200214365006400246520085800310650003401168700003001202942001201232999001901244952015201263St Aloysius Coll20260303183910.0260303b |||||||| |||| 00| 0 eng d a9788126551484 cAL aEnglish a664.06bGILB aJohn Gilbert9257582 aBioactive compounds in foods aNew DelhibWileyc2014 axvi, 409p.bHBc24.6x18.2cm 2Generala6277b₹3896.00c₹d₹4995.00e22%f23/02/2026 aInherent toxicants and processing contaminants are both non-essential, bioactive substances whose levels in foods can be difficult to control. This volume covers both types of compounds for the first time, examining their beneficial as well as their undesirable effects in the human diet. Chapters have been written as individually comprehensive reviews, and topics have been selected to illustrate recent scientific advances in understanding of the occurrence and mechanism of formation, exposure/risk assessment and developments in the underpinning analytical methodology. A wide range of contaminants are examined in detail, including pyrrolizidine alkaloids, glucosinolates, phycotoxins, and mycotoxins. Several process contaminants (e.g. acrylamide and furan), which are relatively new but which have a rapidly growing literature, are also covered. 2FoodaFood Technology9257583 aSenyuva, Hamide Z9257584 2ddccBK c240996d240996 00102ddc40708FSTaSACPGbSACPGd2026-03-27eBiblios Book Pointg3896.00l0o664.06 GILBpPG025230r2026-03-03 18:21:57v4995.00w0000-00-00yBK